Welcome to the Holygrace Academy Library

Please use search bar below to get started

ITS HALLOWEEN, YOU FRAIDY MOUSE (Record no. 7924)

MARC details
000 -LEADER
fixed length control field 00543nam a22001337a 4500
020 ## - INTERNATIONAL STANDARD BOOK NUMBER
ISBN 976-0-439-559737
082 ## - DEWEY DECIMAL CLASSIFICATION NUMBER
Classification number 823
Item number STI/I
100 ## - MAIN ENTRY--AUTHOR NAME
Personal name STILTON, GERONIMO
245 ## - TITLE STATEMENT
Title ITS HALLOWEEN, YOU FRAIDY MOUSE
260 ## - PUBLICATION, DISTRIBUTION, ETC. (IMPRINT)
Place of publication NEW YORK
Name of publisher SCHOLASTIC INC
Year of publication 2004
300 ## - PHYSICAL DESCRIPTION
Number of Pages 113
520 ## - SUMMARY, ETC.
Summary, etc Summary: It's Halloween on Mouse Island, and it seemed like everyone was out to get me, Geronimo Stilton! My cousin Trap kept pulling scary pranks on me. And then my sister Thea told me I had to write a book about Halloween in less than one day!
942 ## - ADDED ENTRY ELEMENTS (KOHA)
Koha item type Books
Holdings
Withdrawn status Lost status Collection code Home library Current library Shelving location Date acquired Source of acquisition Full call number Accession Number Koha item type
    Fiction Main Library Main Library SHELF 4-I GERONIMO STILTON 19/10/2019 Purchase 823 STI/I 10313 Books